Plus grandes villes de Pokémon par Régions - Statistiques

Statistiques générales
  • Ce quiz a été pris 39 fois
  • Le résultat moyen est 13 sur 27
Statistiques - réponses
Hint Réponse % Correct
Kalos 416 Illumis
84%
Kanto 63 Safrania
69%
Unys 137 Volucité
69%
Kanto 82 Céladopole
66%
Johto 126 Doublonville
63%
Sinnoh 124 Féli-Cité
63%
Hoenn 148 Lavandia
63%
Kanto 36 Parmanie
63%
Sinnoh 81 Unionpolis
63%
Sinnoh 82 Voilaroc
63%
Johto 52 Mauville
56%
Alola 97 Ekaeka
53%
Hoenn 79 Poivressel
53%
Unys 239 Méanville
47%
Hoenn 106 Nénucrique
47%
Johto 47 Oliville
47%
Unys 70 Port Yoneuve
47%
Galar 102 Kickenham
44%
Galar 120 Motorby
44%
Galar 157 Winscor
41%
Kalos 50 Relifac-le-Haut
38%
Paldea 756 Mesaledo
31%
Alola 68 Ho'ohale
28%
Alola 84 Malié
28%
Paldea 174 Levalendura
25%
Kalos 49 Port Tempères
25%
Paldea 156 Jarramanca
16%
Aucun quiz correspondant
Distribution des résultats
% des personnes avec chaque résultat
Percentile par nombre de réponses
Votre historique - résultats
Vous n’avez pas pris ce quiz